000 00824nam a2200217Ia 4500
001 20138
003 GE_BSU
008 181216s||||||||xx |||||||||||||| ||und||
040 _cGE_BSU
245 _aკარიბჭე №6(327) 23 მარტი-5აპრილი.2017
245 _bმართლმადიდებლური ჟურნალი.
245 _cმთავარი რედაქტორი: თამარ მამაცაშვილი.
260 _aთბილისი
260 _c2017
300 _a62გვ. ; 20სმ
653 _aკარიბჭე. №6(327) 23 მარტი-5აპრილი.2017
653 _aპერიოდიკა
653 _aრელიგია
653 _aსაეკლესიო ჟურნალი
942 _cCR
999 _c53100
_d53100